LEADER 00743nam0 2200229 450 001 000012110 005 20190215144110.0 100 $a20080530d1936----km-y0itay50------ba 101 0 $aita 102 $aIT 105 $ay-------001yy 200 1 $aTraité de manoeuvre$f[Commission] de l'École Navale, [présidée par le Capitaine de Vaisseau Ven] 210 $aParis$cSociété d'Ed. géographiques, maritimes et coloniales$d1936 215 $a582 p.$cill.$d24 cm 610 1 $aManovre navali 676 $a623.88$v20$9Manovre navali 712 02$aÉcole Navale 801 0$aIT$bUNIPARTHENOPE$c20080530$gRICA$2UNIMARC 912 $a000012110 951 $aDEP I-0072$b2244$cNAVA4$d20080530 996 $aTraité de manoeuvre$91203120 997 $aUNIPARTHENOPE LEADER 01042nam0 22002531i 450 001 UON00329063 005 20231205104212.962 100 $a20090824d1929 |0itac50 ba 101 $afre 102 $aFR 105 $a|||| ||||| 200 1 $aRecherches sur le commerce genois dans la mer noire au XIII siècle$fG.I. Bratianu 210 $aParis$cPaul Geuthner$d1929 215 $aXII, 359 p., 1 c. di tav., 45 p. di tav., ill., c. geogr.$d26 cm. 606 $aCOMMERCIO$xStoria$xSec. 13.$3UONC072712$2FI 620 $aFR$dParis$3UONL002984 700 1$aBRATIANU$bGeorge Ioan$3UONV020571$0453743 712 $aGeuthner$3UONV246291$4650 801 $aIT$bSOL$c20240220$gRICA 899 $aSIBA - SISTEMA BIBLIOTECARIO DI ATENEO$2UONSI 912 $aUON00329063 950 $aSIBA - SISTEMA BIBLIOTECARIO DI ATENEO$dSI III STORIAEUR B 0267 $eSI MR 39333 5 0267 996 $aRecherches sur le commerce genois dans la mer noire au XIII siècle$91368251 997 $aUNIOR